000 00552nam a2200181Ia 4500
003 GCL
008 140319s9999 xx 000 0 ara d
040 _aGCL /
_cGCL
082 0 4 _a327.2
_bا ف
100 1 _aالسيد امين شلبى
245 1 0 _aفى الدبلوماسية المعاصرة /
_cالسيد امين شلبى
300 _a284 ص
490 _a
650 0 4 _aالدبلوماسية
650 0 4 _aالدبلوماسية - الحضارة
650 0 4 _aالدبلوماسية - السلك الدبلوماسى
942 _2ddc
_cBK
999 _c47759
_d47759